000 00696nam a2200289Ia 4500
005 20260324145242.0
008 008 260324s9999 xx 000 0 eng d
020 _a9781315398181
037 _aEBOOK
040 _aCRL
040 _beng
040 _cCRL
041 _2eng
041 _aeng
084 _qCRL
100 _aChristine Dobbin
_91208840
245 0 _aIslamic Revivalism in a Changing Peasant Economy
245 0 _bCentral Sumatra, 1784-1847
260 _bTaylor and Francis
260 _c1983
365 _a
365 _b240
856 _uhttp://www.taylorfrancis.com/books/9781315398181
942 _cEBOOK
999 _c1829942
_d1829942